| Tag |
First Indicator |
Second Indicator |
Subfields |
| LEADER |
00000cam a2200000 i 4500 |
| 001 |
in00000324381 |
| 005 |
20151010161058.0 |
| 008 |
780413s1977 enka b 00110beng |
| 010 |
|
|
|a 78303292
|
| 015 |
|
|
|a GB***
|
| 020 |
|
|
|a 0354040936 :
|c 6.95
|
| 035 |
|
|
|a (OCoLC)03868283
|
| 035 |
|
|
|9 ABJ5164AM
|
| 040 |
|
|
|a DLC
|c DLC
|d TXA
|d UtOrBLW
|
| 043 |
|
|
|a n-us---
|
| 049 |
|
|
|a TXAM
|c [1539283]
|
| 050 |
0 |
0 |
|a TK140.E3
|b C43 1977b
|
| 082 |
0 |
|
|a 621.3/092/4
|a B
|
| 100 |
1 |
|
|a Clark, Ronald
|q (Ronald William),
|d 1916-1987.
|
| 245 |
1 |
0 |
|a Edison :
|b the man who made the future /
|c Ronald W. Clark.
|
| 264 |
|
1 |
|a London :
|b Macdonald and Jane's,
|c 1977.
|
| 300 |
|
|
|a 256 pages :
|b illustrations ;
|c 24 cm.
|
| 336 |
|
|
|a text
|b txt
|2 rdacontent
|
| 337 |
|
|
|a unmediated
|b n
|2 rdamedia
|
| 338 |
|
|
|a volume
|b nc
|2 rdacarrier
|
| 500 |
|
|
|a Includes index.
|
| 504 |
|
|
|a Bibliography: pages 244-245.
|
| 600 |
1 |
0 |
|a Edison, Thomas A.
|q (Thomas Alva),
|d 1847-1931.
|
| 650 |
|
0 |
|a Electrical engineers
|z United States
|v Biography.
|
| 650 |
|
0 |
|a Inventors
|z United States
|v Biography.
|
| 999 |
|
|
|a MARS
|
| 999 |
f |
f |
|s 3629d569-81a0-3be4-a545-9fe53616bb4c
|i 639cacfa-a694-3803-8748-d315efb2d475
|t 0
|
| 952 |
f |
f |
|p ric
|a Texas A&M University
|b Rellis Campus
|c Joint Library Facility
|d Remote Storage
|t 0
|e TK140.E3 C43 1977b
|h Library of Congress classification
|i unmediated -- volume
|m A14805455752
|
| 998 |
f |
f |
|a TK140.E3 C43 1977b
|t 0
|l Remote Storage
|